01740nam a2200241Ia 4500001000600000003000900006008004100015040001300056040001300069041001300082100002000095100002900115245007700144245007700221250001100298260001100309260001200320260004900332300005700381500099500438650003401433650003101467H6233IT-RoPAU130308s9999 xx 000 0 und d aIT-RoPAU cIT-RoPAU aITALIANO aMarini Giovanna gCodice Aut. SPICS: 50366 aUna mattina mi son svegliata. La musica e le storie di un'Italia perduta bUna mattina Mi Son Svegliata. La Musica e le Storie di Un'Italia Perduta a1a ed. aMILANO bRizzoli c2005 [1° Ed.:2005 - Ed.Ling.Originale:2005] a"290 p. (prefazione: no ; testo: 290 [pagine: 0-0])" a4 Decenni di Musica Italiana raccontati da una delle Sue Voci Piu' Autorevoli e Impegnate. Nostri viaggi di Ricerca. ipotesiDi Lavoro di Gianni Bosio. Opere. con la collaborazione di Pino Casamassima. in un Intrecciarsi continuo di Ricordi, Aneddoti, Riflessioni, L'Artista Romana Ripercorre in queste pagine Lo Snodarsi di un Percorso Professionale e Umano Segnato Fin Dalle Origini da Inesauribile e Versatile Creatività. a Emergere è Il ritratto a tutto tondo di Un'Artista Multiforme, Ma Anche una parte della Nostrastoria Recente Restituita nella Sua Complessità Dallo Sguardo e Dalla voce di Chi L'Ha Attraversata senza mai rinunciare a Credere in un Progetto. E' Soprattutto L'Omaggio a un Mondo un Tempo vivo Depositario di Valori e di Saperi Antichi di Secoli. Un Mondo Ormai Quasi del tutto Cancellato Dall'Incalzare della Modernità, Ma che continua Tenacemente a sopravvivere in Alcuni Angoli Dimenticati del Nostro Paese. e a Rinnovarsi nelle canzoni di Giovanna Marini. aSTORIA NAZIONALE DELLA MUSICA eCodice materia Spics: 7009